000 00954nam0a2200301 4500
001 RU\NLR\BIBL_A\011916551
005 20190212131020.0
010 _a978-5-6040721-9-6
_95000
021 _aRU
_bКН-П-18-099098
_9КН-П-18-7194
035 _a(NLR Aleph) 011916551
035 _a(RuMoRGB)009846612
090 _a10966596
_c10966596
100 _a20190124d2018 e y0rusy50 ca
101 1 _arus
_ceng
102 _aRU
105 _aa z 0 ay
200 1 _aМы в порядке
_fНина Лакур
_gперевела с английского Дина Батий
210 _aМосква
_cPopcorn books
_d2018
215 _a244, [1] с.
_d22
333 _a18+
686 1 _aШ6(7США)67-440.4(Лх1979-50)
700 1 _aЛакур
_bН.
_gНина
_3RU\NLR\AUTH\770200900
942 _cBOOK
980 _aNBR
980 _aNB